| 000 | 00909naa a22002657a 4500 | ||
|---|---|---|---|
| 001 | BR8807347 | ||
| 003 | BR-BrBNA | ||
| 005 | 20240918180336.0 | ||
| 007 | ta | ||
| 008 | 230509b bl.||||| |||| 00| 0 por d | ||
| 040 |
_aBR-BrBNA _bpor _cBiblioteca Nacional de Agricultura |
||
| 041 | _a(Pt) | ||
| 072 | _aE50 | ||
| 090 | _aE50 BR8807347 | ||
| 100 | 1 | _aHelena Junior, W. | |
| 111 | 1 |
_a19. Congresso Anual de Celulose e Papel _cSao Paulo, SP (Brazil) _d24-28 Nov 1986 |
|
| 245 | 1 | _aAdministracao de conflitos | |
| 260 | 3 |
_aSao Paulo, SP (Brasil): _c1986. |
|
| 500 | _a19. Congresso Anual de Celulose e Papel Sao Paulo, SP (Brasil): 1986. p. 599-602 (BR8807347-AM)E50 | ||
| 650 | _aRECURSO HUMANO | ||
| 650 | _aLIDERANCA | ||
| 773 | 0 |
_t19. Congresso Anual de Celulose e Papel _wE50 BR8807347 _gSao Paulo, SP (Brasil), 1986. p. 599-602 |
|
| 909 |
_a202404 _bLucia _c55 _dLucia Elande |
||
| 942 |
_cAM _2AGRIS |
||
| 999 |
_c319922 _d319922 |
||